| 000 | 00800nam a2200217 i 4500 | ||
|---|---|---|---|
| 001 | 166890 | ||
| 003 | ES-MaACL | ||
| 005 | 20231223063112.0 | ||
| 008 | 000120s1889 sp |||| | spa d | ||
| 080 | _a821.134.2-6"18" | ||
| 100 | 1 |
_aValera, Juan, _d1824-1905 _9112638 |
|
| 245 | 1 | 0 |
_aCartas americanas : _bprimera serie / _cpor Juan Valera. |
| 260 |
_aMadrid : _bFuentes y Capdeville, _c1889 ( _fManuel Minuesa de los Ríos) |
||
| 300 |
_aXII, 278 p. ; _c16 cm. |
||
| 490 | 1 |
_aBiblioteca de autores célebres ; _v1 |
|
| 530 | _aDisponible en formato digital. | ||
| 830 | 1 |
_aBiblioteca de autores célebres ; _v1 _9184044 |
|
| 852 |
_aES-MaACL _jG-2681 _z- Enc. hol. |
||
| 856 |
_uhttp://bdh-rd.bne.es/viewer.vm?id=0000044665&page=1 _zBiblioteca Digital Hispánica |
||
| 999 |
_c166890 _d166890 |
||